Trenerzy Serie A 2019/20 - Statystyki

Ogólne statystyki
  • Ten quiz został rozwiązany 135 razy
  • Średni wynik to 7 z 20
Statystyki odpowiedzi
Klub Trener % Poprawnych
Juventus F.C. Maurizio Sarri
97%
Inter Mediolan Antonio Conte
88%
SSC Napoli Carlo Ancelotti
86%
S.S. Lazio Simone Inzaghi
73%
A.C. Milan Marco Giampaolo
51%
Bologna FC Siniša Mihajlović
43%
Atalanta BC Gian Piero Gasperini
42%
ACF Fiorentina Vincenzo Montella
38%
AS Roma Paulo Fonseca
34%
UC Sampdoria Eusebio Di Francesco
30%
Hellas Verona Ivan Jurić
27%
Torino FC Walter Mazzarri
25%
Cagliari Calcio Rolando Maran
19%
Sassuolo Roberto De Zerbi
18%
S.P.A.L. Leonardo Semplici
17%
Parma Roberto D'Aversa
15%
Udinese Calcio Igor Tudor
13%
Genoa CFC Aurelio Andreazzoli
10%
Brescia Calcio Eugenio Corini
9%
US Lecce Fabio Liverani
9%
Nie znaleziono quizów pasujących do podanych kryteriów
Rozkład punktacji
Procent ludzi z każdym wynikiem
Percentyl według liczby udzielonych odpowiedzi
Twoja historia wyników
Nie rozwiązałeś tego quizu